000 00350nam a2200133Ia 4500
008 151001s9999||||xx |||||||||||||| ||und||
100 _aवसंत देशमुख
245 _aअंतू
250 _a1
260 _bपरचुरे प्रकाशन मुंबई
260 _c1979
300 _a248
365 _b21
999 _c969170
_d969167